Responses for show #4796 - Monday, June 13, 2005

Contestants

[<< previous game]

Omar Shokeir, a pathologist from Bellingham, Washington

Willie Costley, an administrative assistant from Lexington, Kentucky

Lisa Osterman, a geologist from Bethesda, Maryland (whose 1-day cash winnings total $3,600)

[next game >>]

Jeopardy! Round responses

ISAAC
"HAY"ES
A BAD MOTHER
SHUT YOUR MOUTH!
BUT I'M TALKIN' ABOUT SHAQ
THEN WE CAN DIG IT
    $200 8
circumcision

Lisa
    $200 6
hay fever

Lisa
    $200 1
Scarlett O'Hara

Lisa
    $200 16
Superman

Lisa
    $200 21
1

Willie
    $200 23
their bones

Lisa
    $400 9
Egypt

Omar
    $400 7
a haymaker

Omar
    $400 2
(Omar: Who is Old Mother Hubbard?)

the old woman who lived in a shoe

Omar
Triple Stumper
    $400 17
Bill O'Reilly

Willie
    $400 22
a three-pointer

Lisa
    $400 24
the Sahara Desert

Willie
    $600 10
(Omar: What's a goat?)

a ram

LisaOmar
    $600 13
haywire

Omar
    $600 3
Ma Barker

Lisa
    $600 18
Lenny Bruce

Lisa
    $600 28
(Omar: What is Xerox?)

RadioShack

Omar
Triple Stumper
    $600 25
a pipe

Lisa
    $800 11
Sarah

Omar
    $800 14
(Lisa: Chashé--chassé?)
(Omar: What is to chash--chassé?)
...
(Alex: "Chassé" makes it sound a lot more French. But [*] is what I usually do.)

sashay

LisaWillieOmar
    $800 4
the Byzantine Empire

Willie
    $800 19
[ERRATUM: The Fifth Amendment to the U.S. Constitution guarantees the right of an arrestee to remain silent; the Miranda v. Arizona decision obligates arresting authorities to inform an arrestee of his or her Fifth Amendment rights.]

Miranda

Omar
    $800 29
(Willie: What are the Lakers?)
...
(Alex: The other team that calls Staples Center home--[*].)
[The end-of-round signal sounds.]

the Clippers

Willie
Triple Stumper
    $1,000 26
the Romans

Lisa
    $1000 12
Esau

Lisa
    $1000 15
(Lisa: What is the Haymarket Rev-revolt?)
(Willie: What is Haymarket Square?)

Shays' Rebellion

LisaWillie
Triple Stumper
    $1000 5
Medea

Lisa
    $1000 20
(Lisa: Who is Studs Terkel?)

Ring Lardner

Lisa
Triple Stumper
    $1000 27
the Bronze Age

Lisa

Scores at the first commercial break (after clue 15):

Lisa Willie Omar
$2,000 $600 $400

Scores at the end of the Jeopardy! Round:

Lisa Willie Omar
$5,000 $800 $600

Double Jeopardy! Round responses

CLASSICAL MUSIC
POTENT POTABLES
THE INDIAN OCEAN
SEASONAL MOVIES
HENCE THE TITLE
"VE" DAY
    $400 26
(Willie: What is a concerto?)
(Lisa: What is a quartet?)
(Omar: What is a chamber orchestra?)

a quintet

LisaWillieOmar
Triple Stumper
    $400 11
beer

Willie
    $400 6
Antarctica

Willie
    $400 21
winter

Lisa
    $400 16
Invisible Man

Lisa
    $400 1
Vermont

Omar
    $800 27
Johann Sebastian Bach

Lisa
    $800 12
a highball

Willie
    $800 7
Vasco da Gama

Omar
    $800 22
Summer

Omar
    $800 17
The Chamber

Willie
    $800 2
Veterans Day

Omar
    $1200 28
(Willie: Who was John Philip Sousa?)

(Sir Edward) Elgar

WillieOmar
    $1200 13
vermouth

Omar
    $1200 8
Sri Lanka

Willie
    $1200 23
Spring

Lisa
    $1200 18
(Omar: What are lights?)
(Willie: What is light?)

night

WillieOmar
Triple Stumper
    $1200 3
ventriloquism

Willie
    $1600 29
"Carmina Burana"

Willie
    $3,000 14
absinthe

Omar
    $1600 9
Dar es Salaam

Omar
    $1600 24
Summer

Willie
    $1600 19
God's Little Acre

Triple Stumper
    $1600 4
the Venerable

Willie
    $600 30
(Willie: No idea.)

Carnival of the Animals

Willie
    $2000 15
bitters

Triple Stumper
    $2000 10
the Gulf of Aden

Omar
    $2000 25
Autumn

Lisa
    $2000 20
"Crossing the Bar"

Willie
    $2000 5
Velázquez

Willie

Scores at the end of the Double Jeopardy! Round:

Lisa Willie Omar
$9,400 $11,000 $10,800

[wagering suggestions for these scores]

Final Jeopardy! Round responses

AMERICANA
(Alex: ...and for the second day in a row, Lisa Osterman, wagering nothing, wins the game, and winds up with a total of $13,000 for her efforts!)
LisaWhat is a Diner
$0
OmarWhat is a service station?
$10,800
WillieWhat is a motel?
$10,601
a diner

Final scores:

Lisa Willie Omar
$9,400 $399 $0
2-day champion: $13,000 2nd place: $2,000 3rd place: $1,000

Game dynamics:

Coryat scores:

Lisa Willie Omar
$9,200 $11,600 $9,400
19 R
(including 1 DD),
4 W
16 R,
6 W
(including 1 DD)
14 R
(including 1 DD),
6 W

Combined Coryat: $30,200

The J! Archive is created by fans, for fans. The Jeopardy! game show and all elements thereof, including but not limited to copyright and trademark thereto, are the property of Jeopardy Productions, Inc. and are protected under law. This website is not affiliated with, sponsored by, or operated by Jeopardy Productions, Inc. Join the discussion at JBoard.tv.